<?xml version="1.0" encoding="UTF-8"?>
<marc:record xmlns:marc="http://www.loc.gov/MARC21/slim">
   <marc:leader>00000nam a2200000 a 4500</marc:leader>
   <marc:datafield ind1="0" ind2="0" tag="245">
      <marc:subfield code="a">JoNaLu - Lu kann nicht schlafen &amp; Heiß und kalt</marc:subfield>
   </marc:datafield>
   <marc:datafield ind1="0" ind2="0" tag="245">
      <marc:subfield code="b">Hörbuch ab 3 Jahren</marc:subfield>
   </marc:datafield>
   <marc:datafield ind1=" " ind2="1" tag="264">
      <marc:subfield code="b">LEONINE Audio</marc:subfield>
      <marc:subfield code="c">2023</marc:subfield>
   </marc:datafield>
   <marc:datafield ind1="1" ind2=" " tag="490">
      <marc:subfield code="a">Tonie</marc:subfield>
      <marc:subfield code="v">155</marc:subfield>
   </marc:datafield>
   <marc:datafield ind1="1" ind2=" " tag="520">
      <marc:subfield code="a">JoNaLu – Das sind die Mäuse Jo und Naya mit ihrem kleinen Marienkäfer-Freund Ludwig. Auf spannenden Entdeckungstouren in Haus und Garten erleben die kleinen Helden zusammen mit ihren tierischen Freunden viele neue Abenteuer - Lieder, Reime und Tänze animieren zum Mitmachen!&#xD;
&#xD;
Lu kann nicht schlafen&#xD;
„Schokokekse“ ruft Ludwig und will partout nicht schlafen, dabei ist es schon spät und Jo und Naya hundemüde. Die beiden versuchen alles, um den kleinen Käfer zum Einschlafen zu bringen.&#xD;
Heiß und kalt&#xD;
Ist es draußen heiß, braucht man dringend Eis, finden Jo, Naya und Käfer Lu. Zwar finden sie im Gefrierfach eine wunderbare Eislandschaft. Aber wo ist das Eis und wohin ist Lu verschwunden?</marc:subfield>
   </marc:datafield>
   <marc:datafield ind1="3" ind2=" " tag="024">
      <marc:subfield code="a">4251192132086</marc:subfield>
   </marc:datafield>
   <marc:datafield ind1=" " ind2=" " tag="041">
      <marc:subfield code="a">ger</marc:subfield>
   </marc:datafield>
   <marc:datafield ind1="1" ind2=" " tag="521">
      <marc:subfield code="a">Kind ab 3 Jahren</marc:subfield>
   </marc:datafield>
   <marc:datafield ind1=" " ind2=" " tag="338">
      <marc:subfield code="a">Gegenstand</marc:subfield>
   </marc:datafield>
   <marc:datafield ind1=" " ind2=" " tag="300">
      <marc:subfield code="a">1 Toniefigur</marc:subfield>
   </marc:datafield>
</marc:record>
